000
00308nam a22001337a 4500
008
180928b xxu||||| |||| 00| 0 eng d
020
_a
0071418415
041
_a
eng
080
_2
6 ED
_a
616.5
100
_a
7
101
_a
DER
245
_a
Dermatology In General Medicine
_c
IrwinM,F
942
_2
udc
_c
BK
999
_c
48688
_d
48688